|
|
|
|
| LEADER |
01402nam a22002537a 4500 |
| 001 |
AAL6815 |
| 003 |
BD-DhAAL |
| 005 |
20180528121040.0 |
| 008 |
160229s 2005bg a|||| |||| 00| 0 ben d |
| 999 |
|
|
|c 36955
|d 36955
|
| 020 |
|
|
|a 9844800005
|
| 040 |
|
|
|a BD-DhAAL
|c BD-DhAAL
|
| 082 |
|
|
|2 22
|a 954.9205
|
| 100 |
|
|
|a ইমাম, জাহানারা
|9 18238
|
| 245 |
|
|
|a একাত্তরের দিনগুলি /
|c জাহানারা ইমাম
|
| 260 |
|
|
|a ঢাকা :
|b সন্ধানী প্রকাশনী,
|c ২০০৫
|
| 300 |
|
|
|a ২৬৯ পৃ. :
|b চিত্র ;
|c ২২ সে.মি.
|
| 541 |
|
|
|e 6815
|
| 651 |
|
|
|a Bangladesh
|x History
|y Revolution, 1971
|x Personal narratives, Bangladeshi
|9 18239
|
| 852 |
|
|
|a Savar Campus Library
|c General Shelf
|
| 942 |
|
|
|2 ddc
|c BK
|
| 952 |
|
|
|0 0
|1 0
|2 ddc
|4 0
|6 954_920500000000000_IMA
|7 0
|9 58207
|a SCL
|b SCL
|c GEN
|d 2016-02-29
|g 200.00
|l 17
|m 42
|o 954.9205 IMA
|p 3020006815
|r 2024-11-24
|s 2024-11-11
|t 1
|w 2016-02-29
|y BK
|
| 952 |
|
|
|0 0
|1 0
|2 ddc
|4 0
|6 954_920500000000000_IMA
|7 0
|9 60839
|a BRACUL
|b BRACUL
|c BNC
|d 2017-06-05
|e Paragon Enterprises
|g 264.00
|l 14
|m 90
|o 954.9205 IMA
|p 3010031703
|r 2025-02-20
|s 2024-11-17
|t 2
|v 264.00
|w 2017-06-05
|y BK
|
| 952 |
|
|
|0 0
|1 0
|2 ddc
|4 0
|6 954_920500000000000_IMA
|7 0
|9 60840
|a BRACUL
|b BRACUL
|c BNC
|d 2017-06-05
|e Paragon Enterprises
|g 264.00
|l 11
|m 98
|o 954.9205 IMA
|p 3010031702
|r 2025-11-02
|s 2025-02-08
|t 3
|v 264.00
|w 2017-06-05
|y BK
|